000
00274nam a22000977a 4500
008
221006b |||||||| |||| 00| 0 eng d
020
_a
9780241342725
100
_a
Kinney Jeff
_9
7570
245
_a
Diary of a Wimpy Kid ( The Ugly Truth)
260
_a
UK
_b
Penguin Random House
_c
2018
999
_c
12053
_d
12053